Sarthak (Record no. 153009)

MARC details
000 -LEADER
fixed length control field 00340nam a2200133Ia 4500
008 - FIXED-LENGTH DATA ELEMENTS--GENERAL INFORMATION
fixed length control field 230411s9999 xx 000 0 und d
041 ## - LANGUAGE CODE
Language code of text/sound track or separate title eng
082 ## - DEWEY DECIMAL CLASSIFICATION NUMBER
Classification number X/891/KAD/B01766
100 ## - MAIN ENTRY--PERSONAL NAME
Personal name Kadwadkar V V
245 ## - TITLE STATEMENT
Title Sarthak
260 ## - PUBLICATION, DISTRIBUTION, ETC. (IMPRINT)
Name of publisher, distributor, etc. Maharshi Karve Stree Shikshan Samstha
Place of publication, distribution, etc. Pune
Date of publication, distribution, etc. 2004
300 ## - PHYSICAL DESCRIPTION
Extent 108p
Holdings
Withdrawn status Lost status Damaged status Not for loan Collection code Home library Current library Date acquired Vendor Cost, normal purchase price Bill number Total Checkouts Full call number Barcode Date last seen Cost, replacement price Bill Date Koha item type Original Barcode
          Smt. Bakul Tambat Institute of Nursing Education Smt. Bakul Tambat Institute of Nursing Education 20/04/2004 Magna Publishing Company Ltd. 35.00 V no.11   X 891 KAD B01766 BTIN-BK-1766 11/04/2023 35.00 20/04/2004 Books B01766